Haryana Ki Sant Kavy Parmpra or Swami Barmanand Sarswati Ka Kavy (Record no. 712)

MARC details
000 -LEADER
fixed length control field 00341nam a2200121Ia 4500
008 - FIXED-LENGTH DATA ELEMENTS--GENERAL INFORMATION
fixed length control field 191201s2003 xx 000 0 und d
100 ## - MAIN ENTRY--PERSONAL NAME
Personal name KUMARI, Sushil Sadwi
245 #0 - TITLE STATEMENT
Title Haryana Ki Sant Kavy Parmpra or Swami Barmanand Sarswati Ka Kavy
260 ## - PUBLICATION, DISTRIBUTION, ETC. (IMPRINT)
Place of publication, distribution, etc N. Delhi
Name of publisher, distributor, etc Ankor Offsat
Date of publication, distribution, etc 2003
300 ## - PHYSICAL DESCRIPTION
Extent 368
650 ## - SUBJECT ADDED ENTRY--TOPICAL TERM
Topical term or geographic name as entry element General Books
942 ## - ADDED ENTRY ELEMENTS (KOHA)
Source of classification or shelving scheme Dewey Decimal Classification
Koha item type Text Books
Holdings
Withdrawn status Lost status Source of classification or shelving scheme Damaged status Not for loan Collection code Home library Current library Date acquired Source of acquisition Bill Number Total Checkouts Full call number Acc. no. / Barcode Date last seen Bill Date Koha item type Public note
    Dewey Decimal Classification     IKS- Indian Knowledge System PIET C-LIBRARY PIET C-LIBRARY 10/06/2015 Donated by Registrar L.R.Baweja Donated by Registrar L.R.Baweja   932.54 KUH 27868 04/12/2019 17/09/2015 Text Books Donated by Registrar L.R.Baweja

Design & Developed by: PIET Central Library
R70 Miles Stone Pattikalyana Samalkha Panipat 132102
mail ID :- [email protected], Phone No:- 0180-2569700 Ex.216